| 000 | 01014nac a22002411u 4500 | ||
|---|---|---|---|
| 010 | _a 2006009702 | ||
| 020 | _a032126889X (pbk. : alk. paper) | ||
| 020 | _a9780321268891 | ||
| 035 | _a(OCoLC)ocm65205024 | ||
| 082 | 0 | 0 |
_a005.1/068 _bB5488 |
| 090 |
_c2032 _d2032 |
||
| 100 | _aBittner, Kurt. | ||
| 245 | 1 | 0 |
_aManaging iteractive software development projects / _cKurt Bittner, Ian Spence. |
| 260 |
_aUpper Saddle River, NJ : _bAddison-Wesley,2007 _c2007. |
||
| 300 |
_axxxi, 630 p. : _bill. ; _c24 cm. |
||
| 440 | 0 | _aAddison-Wesley object technology series | |
| 504 | _aIncludes bibliographical references and index. | ||
| 650 | 0 |
_aComputer software _xDevelopment _xManagement. |
|
| 700 | 1 |
_aSpence, Ian, _d1961- |
|
| 856 | 4 | 1 |
_3Table of contents _uhttp://www.loc.gov/catdir/toc/ecip0611/2006009702.html |
| 942 |
_cBB _k005.1068B5488 |
||
| 999 |
_c2032 _d2032 |
||